000 00621nam a2200193Ia 4500
005 20260120124413.0
008 008 260114s9999 xx 000 0 eng d
020 _a9781801171915
037 _aEBOOK
040 _aCRL
_beng
_cCRL
041 _aeng
_2eng
084 _qCRL
100 _aWilliam R. Dodson
_9906014
245 0 _aVirtually International: How Remote Teams Can Harness the Energy, Talent, and Insights of Diverse Cultures
260 _bEmerald Publishing
_c2021
856 _uhttps://www.emerald.com/insight/publication/doi/10.1108/9781801171908
942 _cEBOOK
999 _c1497696
_d1497696